000 00415nam a2200181Ia 4500
001 9850
005 20260306161748.0
008 260306t1998||||xx |||||||||||||| ||spa||
041 _aESP
082 _a468.1
_bC78
100 _aCorrea Pérez, Alicia
_eAUT
245 0 _aEl placer de la escritura
260 _c1998
300 _a121 páginas :
_c
650 _aGEN
654 _aCHU
942 _cLIB
_dJUS
_fJUS
_2ddc
_n
999 _c9850
_d9850